000 01331 a2200289 4500
999 _c24036
_d24036
003 Nust
005 20190926103346.0
008 170622b xxu||||| |||| 00| 0 eng d
010 _a 2002191160
020 _a1584883103 (alk. paper)
038 _aNusrat Nadeem
040 _cRCMS
_aDLC
_bDLC
082 0 0 _a003.54 TOG
100 1 _aRoberto. Togneri
_93104
245 1 0 _aFundamentals of information theory and coding design /
_cRoberto Togneri, Christopher J.S. deSilva.
260 _aBoca Raton :
_bChapman & Hall/CRC,
_cc2002.
300 _axii, 385 p. :
_bill. ;
_c24 cm.
440 0 _aDiscrete mathematics and its applications
_93105
505 _aEntropy and Information Page 1, Information Channels Page 51, Source Coding Page 105, Data Compression Page 171, Fundamentals of Channel Coding Page 199,. Error-Correcting Codes Page 235,Cyclic Codes Page 281,Burst-Correcting Codes Page 319.
538 _a
_iSupercomputing Lab
650 0 _aCoding theory.
_93106
650 0 _aInformation theory.
_93107
651 _aEntropy and Information Page 1
_xInformation Channels Page 51
_xSource Coding Page 105
_93108
700 1 _aDeSilva, Christopher J. S.
_93109
856 4 2 _3 Table of Contents Only.
_uhttp://www.loc.gov/catdir/enhancements/fy0646/2002191160-d.html
942 _cBK
_2ddc
_h003.54 TOG